[Event "EU-ch 4th"]
[Site "Istanbul"]
[Date "2003.05.30"]
[Round "1"]
[White "Atalik, Suat"]
[Black "Erdogdu, Mert"]
[Result "1-0"]
[WhiteElo "2568"]
[BlackElo "2303"]
[Annotator "Atalik,S"]
[PlyCount "71"]
[EventDate "2003.05.30"]
[EventType "swiss"]
[EventRounds "13"]
[EventCountry "TUR"]
[SourceTitle "CBM 096"]
[Source "ChessBase"]
[SourceDate "2003.09.25"]
[SourceVersion "1"]
[SourceVersionDate "2003.09.25"]
[SourceQuality "1"]

1. c4 c6 2. Nc3 d5 3. e3 Nf6 4. Nf3 e6 5. d4 {Back in Meran.} Nbd7 6. Bd2 $5 {
This little move is a little bit underestimated.} Bd6 7. Bd3 O-O 8. O-O dxc4 9.
Bxc4 a6 10. Bd3 $1 {Once again we set up for Ne4.} c5 (10... e5 11. Qc2) 11. a4
b6 12. Ne4 Be7 (12... Nxe4 13. Bxe4 Ra7 14. Bc3 Nf6 15. Bd3 Nd5 16. Qc2 $14)
13. dxc5 Bb7 14. Nxf6+ Nxf6 (14... Bxf6 15. c6 Bxc6 16. Bxh7+ Kxh7 17. Qc2+ Kg8
18. Qxc6 Rc8 19. Qe4 Bxb2 20. Rab1 $14) 15. Qe2 Bxc5 16. e4 Qe7 17. e5 Nd7 $6 {
Maybe this time this typical move is passive.} (17... Nd5 18. Rac1 $14 (18. Ng5
$6 h6 19. Ne4 Bd4 $1) (18. Qe4 f5 19. exf6 Nxf6 20. Qe2 $13)) 18. Be4 $1 {
Contraversial but efficient,this time getting rid of light squared bishops
helps white.} Bxe4 19. Qxe4 $16 {Black is bad shape Bc5 and Qe7 stands really
bad for black.} f5 {More or less forced.} 20. exf6 Nxf6 21. Qe2 Nd5 22. Rae1
Nc7 {Passive but the exchange sac does not bring anything positive for black.}
(22... Rae8 23. Qxa6 Rxf3 24. gxf3 Qf6 25. Re4 $1 Qxf3 26. Qe2 $16) 23. Ng5
Rad8 (23... h6 24. Nf3) 24. Ne4 Bd4 25. Bg5 Bf6 26. Nxf6+ gxf6 27. Be3 {
Now white is clearly better due to strong bishop.} Qb4 28. Rc1 Rf7 29. Rc4 Qb3
30. Bh6 b5 $2 $138 (30... Qd3 31. Qg4+ Qg6 32. Qh4 Kh8 33. Rg4 Qd3 $16) 31.
axb5 axb5 32. Rc3 $18 Qd5 (32... Qb4 33. Rfc1 Qh4 34. Rxc7 $18) 33. Rfc1 {
The control of g line is getting less and less possible.} Qd6 34. h4 Rdd7 $2 {
loses on the spot.} (34... Rfd7 35. Rc6 Qe7 36. Qf3 $18 {and the pressure
augments.}) 35. Rg3+ Kh8 36. Qg4 1-0

[Event "Alushta Autumn 1st"]
[Site "Alushta"]
[Date "2004.09.02"]
[Round "8"]
[White "Annageldyev, Orazly"]
[Black "Paramonov, Dimitriy"]
[Result "1-0"]
[WhiteElo "2458"]
[BlackElo "2362"]
[Annotator "Atlas,V"]
[PlyCount "59"]
[EventDate "2004.08.28"]
[EventType "tourn"]
[EventRounds "15"]
[EventCountry "UKR"]
[EventCategory "9"]
[SourceTitle "CBM 103"]
[Source "ChessBase"]
[SourceDate "2004.11.11"]
[SourceVersion "1"]
[SourceVersionDate "2004.11.11"]
[SourceQuality "1"]

1. d4 d5 2. c4 c6 3. Nf3 Nf6 4. Nc3 e6 5. e3 Nbd7 6. Qc2 b6 7. Bd3 Bb7 8. O-O
Be7 9. b3 O-O 10. Bb2 Bd6 11. Rad1 Re8 12. e4 dxe4 13. Nxe4 Nxe4 14. Bxe4 Nf6
15. c5 Bf8 16. Rfe1 Qc7 17. Re3 Rad8 (17... h6 {also deserved attention here.
Yet, after} 18. Ne5 {White retains good attacking prospects on the kingside.})
18. Ng5 $5 {A risky move. White develops dangerous initiative on the kingside,
but if his attack does not succeed, he risks to lose the game.} h6 19. Bh7+ Kh8
20. d5 $1 cxd5 (20... hxg5 {was an interesting alternative:} 21. d6 (21. Rh3
Bxc5 {, winning.}) 21... Bxd6 22. cxd6 Rxd6 {, with advantage for Black.}) 21.
Be5 Qd7 $2 ({Correct was} 21... Qe7 {, and} 22. Rh3 {is strongly met by} Ng4
23. Bg8 f5) 22. Rh3 Ng4 (22... d4 {fails to} 23. Bg6 fxg6 24. Qxg6 Kg8 25. Rxh6
) {[%tqu "En","All White's pieces are very active. How can he decide the
game?","Go after the enemy king!","Sacrifice your bishop!","h7g8","After this
move White's attack becomes irresisitble.",4,"c5c6","is strongly met by",0]}
23. Bg8 $1 {[%csl Gc2,Gg5,Gg8,Rh7,Rh8][%cal Gc2h7]} ({The winning move.} 23. c6
$6 {is strongly met by} Qe7 $1 24. Bg8 f5 {, with good counterchances.}) 23...
f5 (23... Kxg8 24. Qh7#) 24. Bxe6 $1 Rxe6 25. Qxf5 Nf6 26. Nxe6 Re8 27. Rxh6+
$1 {This impressive rook sacrifice is the most convincing way to the victory.}
Kg8 ({The rook is invulnerable:} 27... gxh6 28. Qxf6+ Kh7 (28... Kg8 29. Rd3
Bg7 30. Rg3 {, with mate in four.}) 29. Qh8+ Kg6 30. Nf4+ Kf5 31. Qf6+ Ke4 (
31... Kg4 32. f3#) 32. Rd4#) 28. Rxf6 gxf6 29. Qg6+ Bg7 30. Nxg7 1-0

[Event "RUS-Cup01 Chigorin Memorial"]
[Site "St Petersburg"]
[Date "1997.11.03"]
[Round "3"]
[White "Rashkovsky, Nukhim N"]
[Black "Biriukov, Oleg V"]
[Result "1-0"]
[WhiteElo "2510"]
[BlackElo "2410"]
[Annotator "Avrukh,B"]
[PlyCount "79"]
[EventDate "1997.11.01"]
[EventType "swiss"]
[EventRounds "9"]
[EventCountry "RUS"]
[SourceTitle "CBM 062"]
[Source "ChessBase"]
[SourceDate "1998.01.31"]
[SourceVersion "1"]
[SourceVersionDate "1998.01.31"]
[SourceQuality "1"]

1. d4 {Tyomkin,D} Nf6 2. Nf3 e6 3. c4 b6 4. e3 Bb7 5. Bd3 d5 6. O-O dxc4 7.
Bxc4 a6 8. Qe2 c5 9. Rd1 Nbd7 10. a4 Bd6 11. Nc3 cxd4 $6 $146 (11... O-O {Wolff
} 12. b3 (12. d5 {Salov} exd5 13. Nxd5 Nxd5 14. Bxd5 Bxd5 15. Rxd5 Nf6 16. Rd1
$10) 12... cxd4 $1 {The move b2-b3 does not combine well with the isolated QP,
so this is a good moment to take on d4.} 13. exd4 Re8 $1 {><e6, /\...e6-e5, /\.
..Nd5 and ...exd5} 14. Ne5 Nd5 15. Bb2 Qc7 $15 {Khalifman,A-Salov,V/Wijk cm4
1994/0-1(42)} (15... N7f6 $15)) (11... Qc7 $5 $13) 12. exd4 (12. Rxd4 $6 Qc7)
12... O-O 13. Bg5 Qc7 {[%cal Rb7f3] threatingBxf3} 14. d5 exd5 15. Nxd5 Nxd5
16. Bxd5 Bxd5 $6 (16... Rfe8 17. Qc4 Bxd5 18. Qxd5 (18. Qxc7 Bxc7 19. Rxd5 $11)
{[%tqu "En","","","","d7e5","",10]} 18... Ne5 $1 19. Qxd6 $140 Nxf3+ 20. gxf3 {
[%tqu "En","","","","e8e1","",2]} Re1+) 17. Rxd5 Nc5 18. Qd1 Ne4 19. Rc1 Qb8
20. Be3 $14 {All central lines are captured by white pieces} Re8 21. Rc4 Bc5
22. Bxc5 Nxc5 (22... bxc5 $6 23. Qc2 Qb7 24. Re5 Rxe5 25. Nxe5 Rd8 26. h3 $16 {
[%csl Rc5]}) 23. h3 Ra7 24. b4 Ne6 25. Rc6 Rc7 26. b5 axb5 27. axb5 Rxc6 $2 (
27... Rb7 $142) 28. bxc6 $16 {o^c} Qc7 $6 (28... Rc8 29. Nd4 $1 Nc5 (29... Nxd4
30. Rxd4 $18 {[%cal Gd4d7]}) 30. Rd7 $1 Qe5 (30... Re8 31. Nf5 $1) 31. Ra7 $16)
29. Rd6 Rd8 $2 {After changing rooks black is hopeless} (29... Nc5 30. Qd5 $16)
30. Rxd8+ Nxd8 31. Nd4 {[%cal Rd4b5]} Qc8 (31... Qd6 32. Qc2 Qc7 33. Qc3 $1 {
[%cal Rc3g3]}) 32. Qg4 Ne6 (32... Qc7 33. Qg3 $18) 33. Nxe6 fxe6 34. Qc4 $18
Kf7 35. c7 b5 36. Qc5 b4 37. Qc6 Ke7 38. Qc5+ Ke8 (38... Kf7 39. Qb6 $18) 39.
Qb5+ Ke7 40. Qxb4+ 1-0

[Event "ISR-chT"]
[Site "Israel"]
[Date "2003.03.08"]
[Round "5.5"]
[White "Avrukh, Boris"]
[Black "Zifroni, Dov"]
[Result "1/2-1/2"]
[WhiteElo "2584"]
[BlackElo "2520"]
[Annotator "Avrukh,B"]
[PlyCount "57"]
[EventDate "2003.01.??"]
[EventType "team"]
[EventRounds "11"]
[EventCountry "ISR"]
[SourceTitle "CBM 094"]
[Source "ChessBase"]
[SourceDate "2003.05.26"]
[SourceVersion "1"]
[SourceVersionDate "2003.05.26"]
[SourceQuality "1"]

1. d4 d5 2. c4 c6 3. Nc3 Nf6 4. e3 e6 5. Nf3 Nbd7 6. Bd3 Bd6 7. e4 dxe4 8. Nxe4
Nxe4 9. Bxe4 e5 10. O-O exd4 11. Bg5 $5 (11. Qxd4 Qf6 {is the most popular
line,but according to the last games black is holding this slightly worse
endgame.}) 11... Nf6 (11... Qc7 $6 12. Qxd4 O-O 13. Rad1 Bc5 14. Qd2 a5 15. a3
a4 16. Rfe1 f5 17. Bc2 Qa5 18. Be7 $1 $14 {1-0 Milov,V-Bisguier,A/New York
1997/CBM 57 ext (52)}) (11... f6 12. Bh4 c5 13. Bd5 $36 {[%csl Re8]}) 12. Qxd4
Be7 (12... O-O $140 $2 13. Rad1 (13. Bxh7+ $143 Kxh7 14. Rad1 Bxh2+ 15. Kxh2
Qxd4 16. Rxd4 Be6 17. Bxf6 gxf6 18. Rfd1 $14 {[%csl Rf6,Rf7]}) 13... Be7 14.
Bxf6 $1 (14. Bxh7+ $2 Nxh7 15. Qxd8 Bxd8 16. Bxd8 Be6 $11) 14... Bxf6 15. Bxh7+
Kh8 (15... Kxh7 16. Qe4+ $18 {[%cal Gd1d8]}) 16. Qc5 Qe7 17. Qh5 $18) (12... h6
13. Bh4 $5 {The most principal way} (13. Bxf6 Qxf6 14. Qxf6 gxf6 $11 15. Rad1
Bc7 16. Nd4 Be6 17. Rfe1 Ba5 18. Nxe6 fxe6 19. Re3 Rd8 $11 {1/2-1/2 Bacrot,
E-Fressinet,L/Cannes 2002/CBM 88/[Lutz] (22)}) 13... g5 14. Rfe1 gxh4 15. Bxc6+
(15. Rad1 $5 Bxh2+ 16. Kxh2 Qxd4 17. Rxd4 O-O 18. Bc2 {looks interesting for
white}) 15... Kf8 16. Re8+ Nxe8 17. Qxh8+ Ke7 18. Re1+ Be6 $13 {0-1 Gelfand,
B-Ljubojevic,L/Monte Carlo 1999/CBM 69 ext (70)}) 13. Rfe1 $1 $146 {[%mdl 8]
This logical move is clear improvement over white play in previous games} (13.
Qe5 Be6 14. Rfd1 Qb8 $1 15. Qxb8+ Rxb8 16. Bd3 {1/2-1/2 Goehring,K-Eppinger,G/
Germany 1985/GER-chT (16)}) (13. Qe3 Nxe4 14. Qxe4 Be6 15. Rad1 Qc7 16. Qh4 Rd8
17. b3 h6 18. Rxd8+ Bxd8 19. Bxd8 Qxd8 20. Qe4 O-O $11 {1/2-1/2 Donner,
J-Donoso Velasco,P/Haifa 1976/EXT 2000 (35)}) 13... O-O $2 {Missing next white
move} (13... Be6 $142 14. Bc2 h6 $1 (14... O-O $2 15. Qh4 h6 16. Bxh6 gxh6 17.
Qxh6 {[%cal Gf3g5] with decisive attack}) 15. Bd2 (15. Bh4 g5 16. Bg3 g4 $1)
15... O-O 16. Bc3 $14) 14. Bxh7+ $1 {Nice tactical blow,which leads to clearly
better play for white.} (14. Qe5 $143 Bd6 15. Bxf6 Qxf6 16. Qxf6 gxf6 17. Rad1
Bb4 $1 {and black equalise easily}) 14... Kxh7 (14... Nxh7 15. Bxe7 Qxd4 16.
Nxd4 Re8 17. f3 $16) 15. Qh4+ Kg8 16. Rad1 Qe8 $1 ({White task is not so easy
after:} 16... Qb6 17. Rxe7 Qxb2 {but ,still they create dangerous initiative
after strong} 18. Ne5 $1 (18. Be3 $5) (18. Bxf6 Qxf6 19. Qxf6 gxf6 20. c5 (20.
Rd6 Be6 21. c5 b6 $1) 20... b6 21. Rd6 Be6 22. Rxc6 Rfc8 $11) 18... Nh7 19.
Nxf7 $1 (19. Be3 $143 Be6 20. Bd4 Rad8 $1 {[%csl Gd1]}) 19... Qc2 (19... Rxf7
20. Rxf7 Nxg5 21. Re7 $1 $18) 20. Rc1 Qg6 21. Nh6+ $1 gxh6 (21... Kh8 22. Rce1
$1 Qxg5 $140 23. Nf7+ Rxf7 24. Re8+ $18) 22. Bxh6 Rf7 23. Re8+ (23. Re3 Nf6)
23... Nf8 24. Bxf8 Rxf8 25. Re3 $1 {[%cal Ge3g3] and white wins}) (16... Qc7
17. Bf4 Qb6 18. Rxe7 Qxb2 19. Be5 Qc2 20. Re1 $16) (16... Bd7 17. Ne5 $16) 17.
Bxf6 $1 ({After the game my opponent told me,that right here i had missed very
dangerous idea of moving rook to the 3rd rank with extremely dangerous attack.
In fact after deep analyse,i came to conclusion ,that black has a lot of
defensive recources and probably white attack is uncorrect,altough it's
extremely difficult to defend for black.} 17. Rd3 Be6 (17... Bf5 $5 18. Rde3
Be6 19. Ne5 Qd8 {this was the idea of 17...Bf5,to free d8-square for black
queen} 20. g4 $3 {[%cal Ge3h3]} (20. Rg3 $2 Re8 21. Bh6 $140 Ng4 $19) 20... Qa5
{[%csl Ge1]} 21. a3 {[%cal Gb2b4]} Nxg4 22. Bxe7 (22. Rh3 $2 Qxe1+) 22... Nxe3
23. Rxe3 {and white still has very dangerous initiative} Qd2 (23... Rfe8 24.
Bf6 $1 $16) 24. Rg3 Qe1+ 25. Kg2 Qxe5 26. Bf6 $16) 18. Ne5 Bd8 $1 {A strong
defensive idea} (18... Qc8 19. g4 Rd8 (19... Nxg4 20. Bxe7 Nxe5 21. Rxe5 Re8
22. Rh5 $18) 20. Rh3 Kf8 21. Qh8+ Ng8 22. Rh7 {with winning attack}) (18... Qb8
19. g4 Nxg4 20. Nxg4 Bxg5 21. Qxg5 Bxg4 22. Qxg4 Re8 23. Re4 $14 {[%cal Gd3g3,
Gg3h3]}) 19. g4 (19. Rg3 Nh7 $19) 19... Bxg4 20. Rxd8 Rxd8 21. Bxf6 Rd6 $1 22.
Re3 (22. Be7 Rh6) 22... Rxf6 23. Nxg4 Re6 24. Nf6+ Rxf6 25. Rxe8 Rxe8 $17) (17.
Nd4 $2 Be6 18. Rd3 c5 $1 19. g4 (19. Rg3 cxd4 20. Bxf6 Bxf6 21. Qxf6 Bg4 $1 22.
Re5 Qa4 $19 {[%cal Ga4d1]}) 19... Bxg4 20. Rde3 cxd4 21. Rxe7 Qc8 $17) (17. Re3
Be6 18. Ne5 Rd8 (18... Qb8 $2 19. g4 {[%cal Ge3h3]}) (18... Qc8 19. Rg3 Rd8 20.
Re1 $40) (18... Bd8 {here doesn't work in view of:} 19. g4 Nxg4 20. Nxg4) 19.
Rde1 Rd2 $1 (19... c5 20. g4 $1) (19... Bc5 20. Bxf6 (20. Rg3) 20... Bxe3 21.
fxe3 gxf6 22. Qg3+ Kh7 23. Qh4+ $11) 20. Rg3 (20. g4 Bc5) 20... Qd8 $17) 17...
Bxf6 18. Rxe8 Bxh4 19. Rxf8+ Kxf8 20. Nxh4 Bg4 21. Rd4 $2 (21. Rd2 $1 g5 (21...
Re8 22. h3 Re1+ 23. Kh2 Be6 24. b3 {[%cal Gh4f3]}) 22. Nf3 Bxf3 23. gxf3 Ke7
24. Kg2 Rh8 25. Rd4 {[%cal Gf3f4]} Ke6 26. f4 $16) 21... Re8 $44 {Stangely
enough,but black now getting a sufficient compensation,using the fact,that
white knight is misplaced on h4.} 22. f4 (22. h3 Re1+ 23. Kh2 Be6 24. b3 Re2
25. f4 {[%cal Gf4f5]} Ke7 $132) (22. f3 Be6 {[%cal Gg7g5]} 23. g4 c5 24. Re4
Rd8 {[%cal Gd8d2]}) 22... c5 (22... Re1+ $140 23. Kf2 Re2+ 24. Kg3 $16 {
[%csl Rg4]}) 23. Rd2 (23. Rd5 Re2 24. Rxc5 Rxb2 {and black is not worse}) 23...
Re4 {[%csl Rc4,Rf4]} 24. b3 Rxf4 25. Rd8+ Ke7 26. Rb8 b6 27. Rb7+ Kd6 $1 {
Last accurate move,black king will defend b6-pawn and white already has almost
no resources to fight for the win.} 28. Rxa7 (28. g3 Rf6 $1 (28... Re4 $143 29.
Rxf7 Re1+ 30. Rf1 Rxf1+ (30... Re2 31. Rf2 Re1+ 32. Kg2 $14) 31. Kxf1 g5 32.
Ng2 Bf5 33. Ke2 Bb1 34. Kd2 $16) 29. Ng2 (29. Rxa7 $143 Be2 {[%cal Gg7g5]} 30.
h3 (30. Rb7 Rf1+ 31. Kg2 g5 $17) 30... g5 31. Ng2 Rf1+ 32. Kh2 Bf3 (32... Rf2
33. g4 {[%cal Gh2g3]}) 33. g4 Be4 34. Ne3 Rf3 35. Nf5+ $11) 29... g5 {[%csl
Gg2]} 30. h4 (30. Rxa7 Bh3 31. Rb7 Ke5 32. Re7+ Kd4 {and black is very active})
30... Rf3 $1 {[%csl Gg3] already dangerous for white}) 28... g5 29. h3 (29. Nf3
Bxf3 30. gxf3 Rxf3 31. Kg2 g4 32. Rb7 Kc6 33. Re7 f5 34. Rf7 $11) (29. h3 Be2
30. Nf3 Bxf3 31. gxf3 Rxf3 32. Kg2 $11) (29. g3 $2 Rd4 $1 30. Ng2 Rd1+ 31. Kf2
Rd2+ 32. Kg1 Bh3 33. Ne3 Re2 $19) 1/2-1/2

[Event "Tilburg"]
[Site "Tilburg"]
[Date "1994.??.??"]
[Round "5"]
[White "Bareev, Evgeny"]
[Black "Dreev, Alexey"]
[Result "1/2-1/2"]
[WhiteElo "2685"]
[BlackElo "2645"]
[Annotator "Bareev,E"]
[PlyCount "89"]
[EventDate "1994.09.??"]
[EventType "k.o."]
[EventRounds "7"]
[EventCountry "NED"]
[SourceTitle "CBM 044"]
[Source "ChessBase"]
[SourceDate "1995.02.01"]
[SourceVersion "1"]
[SourceVersionDate "1995.02.01"]
[SourceQuality "1"]

1. d4 {Ftacnik} d5 2. c4 c6 3. Nf3 Nf6 4. Nc3 e6 5. e3 Nbd7 6. Bd3 Bd6 7. e4
dxe4 8. Nxe4 Nxe4 9. Bxe4 c5 10. O-O Qc7 11. dxc5 $6 $146 (11. Re1 $1) 11...
Nxc5 12. Bc2 b6 13. Qe2 (13. b4 Nd7 14. Be4 Rb8 $15) 13... Bb7 14. Rd1 a5 (
14... O-O 15. b4 Nd7 16. Qd3) (14... O-O-O 15. b4) 15. Be3 Rc8 (15... O-O 16.
Bxc5 Bxc5 17. Be4 $10) 16. h3 (16. a3 $5 Bxf3 17. Qxf3 Bxh2+ 18. Kh1 Be5 19. b4
Bxa1 20. bxc5 Bf6 21. Ba4+ $44) 16... O-O 17. Rd2 (17. a3 $1 $13) 17... Qc6 $1
18. Re1 Bb8 (18... Rcd8 $1) 19. Bd4 Rce8 (19... Bf4 20. Be3 Qc7 (20... Bb8 $10)
21. Red1 $10 Rcd8 22. Bxf4 Qxf4 23. Qe5 Qxc4 $2 24. Bxh7+ Kxh7 25. Qh5+ Kg8 26.
Ng5 Be4 27. Rxd8 $18) 20. Be5 f6 21. Bxb8 Rxb8 22. Red1 e5 23. Nh4 e4 24. Nf5
Qe8 $5 (24... Kh8 $1 $13 {Ftacnik}) 25. Qg4 (25. Qe3 Qe5 $15) 25... g6 26. Rd7
$1 Nxd7 27. Rxd7 Kh8 (27... h5 $2 28. Rg7+ Kh8 29. Qf4 g5 30. Qc7 $18) (27...
Bc8 28. Rg7+ Kh8 29. Qh4 h5 30. Qf4 g5 31. Qxb8 Bxf5 32. Qc7 Qd8 33. f3 $10) (
27... Qxd7 $2 {Ftacnik} 28. Nh6+) 28. Re7 (28. Ba4 Qe6 $1 (28... Qe5 29. Qh4 h5
30. Ne7 $1) 29. Qh4 Rf7) 28... Qd8 (28... Qc6 29. Rxh7+ Kxh7 30. Qh4+ Kg8 31.
Ne7+ $16) 29. Qh4 h5 30. Bxe4 Qd1+ 31. Kh2 g5 32. Qg3 Bxe4 33. Rxe4 Rbd8 $8 34.
Re6 b5 (34... Qd3 $1 35. Ne3 $1 $44 (35. Qxd3 Rxd3 36. Rxb6 Rd2 37. f3 h4 $17))
35. Re7 $1 Rd7 $2 (35... Qd3 36. Qxd3 Rxd3 37. cxb5 Rd2 (37... Rd5 38. Nh6 Rxb5
(38... Rb8 39. a4) 39. Nf7+ Kg8 (39... Kg7 40. Nd6+) 40. Nh6+ $10) 38. b6 Rxb2
(38... Rxf2 39. Nd6 Rxb2 40. b7 Rb6 41. Nc4 {/\Re7-c7-c8}) 39. b7 Rb8 40. Nd6
Rb6 41. Rd7 a4 $10) 36. Qe3 Qd3 $8 (36... bxc4 37. Re8 $18 (37. Re8 {Ftacnik}
Rxe8 38. Qxe8+ Kh7 39. f3 Qd2 40. Qxh5+ Kg8 41. Qg6+ $16)) 37. Re8 Qxf5 38.
Rxf8+ Kg7 39. Rc8 bxc4 40. Rxc4 h4 41. Rc5 Qb1 42. Qc3 (42. f4 Qxb2 43. fxg5
Qb8+ $1) 42... Kg6 43. Rc6 (43. Qc2+ Qxc2 44. Rxc2 a4 $10) 43... Qf5 44. Qe3
Rd3 $1 45. Qe8+ (45. Qe8+ Kh6 46. Qf8+ $10) 1/2-1/2

[Event "YUG-chT"]
[Site "Budva"]
[Date "1996.??.??"]
[Round "2"]
[White "Nikcevic, Nebojsa"]
[Black "Mukhametov, Eldar"]
[Result "1-0"]
[WhiteElo "2485"]
[BlackElo "2505"]
[Annotator "Belov,I"]
[PlyCount "51"]
[EventDate "1996.??.??"]
[EventType "team"]
[EventRounds "6"]
[EventCountry "YUG"]
[SourceTitle "CBM 053 Extra"]
[Source "ChessBase"]
[SourceDate "1996.09.01"]
[SourceVersion "1"]
[SourceVersionDate "1996.09.01"]
[SourceQuality "1"]

1. d4 d5 2. c4 c6 3. Nc3 Nf6 4. e3 e6 5. Nf3 Nbd7 6. Qc2 Bd6 7. Bd3 O-O 8. O-O
dxc4 9. Bxc4 e5 10. Bd2 $5 (10. h3) 10... Qe7 11. Bb3 Bc7 (11... e4 12. Ng5
Bxh2+ 13. Kxh2 Ng4+ 14. Kg1 Qxg5 15. Qxe4 Ndf6 16. Qf4 Qxf4 17. exf4 Nh6 18. d5
$14 {Polugaevsky,L-Pinter,J/Zagreb izt/1987/1:0/83/}) (11... a6 $5 12. h3 c5
13. Ng5 (13. Rac1 b5 14. Nd5 Nxd5 15. Bxd5 Rb8 16. dxc5 Bxc5 17. Rfd1 Rb6 18.
b4 Bd6 19. e4 Nf6 20. Qxc8 Rxc8 21. Rxc8+ Ne8 22. Ng5 $40 {Kiss,P-Trichkov,V/
Dortmund op/1991/1:0/38/}) 13... cxd4 14. exd4 exd4 15. Nd5 Qd8 16. Bf4 Bxf4
17. Nxf4 Ne5 18. Rfe1 Qd6 19. Nd5 g6 20. Nxf6+ Qxf6 21. Qc5 Qxg5 22. Rxe5 Bf5
23. Qxd4 $14 {Makarov,A-Lazic,Mi/Podgorica/1993/}) 12. Rae1 $5 (12. h3 exd4 13.
exd4 Nb6 14. Rfe1 Qd6 15. Re5 Qd7 16. Re2 Qf5 17. Qxf5 Bxf5 18. Rae1 Bd6 19.
Bg5 $14 {Korotylev,A-Khavsky,S/St-Peterburg/1994/1:0/45/}) 12... h6 $6 (12...
e4 13. Ng5) 13. Nh4 Re8 14. f4 $1 e4 (14... exd4 15. exd4 Qf8 16. Ng6 Qd6 17.
Ne5 $16 Qxd4+ $2 18. Be3 $18) 15. Ng6 Qd8 16. Ne5 $16 Re7 (16... Nxe5 17. fxe5
Nd5 18. Nxe4 $18) 17. Nxe4 Nxe4 18. Qxe4 Nc5 19. dxc5 $5 (19. Qc2 Nxb3 20. Qxb3
Be6 21. Qc2 f6 22. Nf3 Bf7 $16) 19... Qxd2 20. Rd1 Qe2 (20... Qxb2 $5 21. Rd6
Be6 22. Bxe6 fxe6) 21. Rd6 $1 Qh5 (21... Bxd6 22. cxd6 Rd7 23. Nxf7 Rxf7 24.
Qe8+ $18) (21... Be6 22. Bxe6 Rxe6 23. Rxe6 fxe6 24. Nd3 $16) 22. Bc2 g6 23.
Qd4 Be6 (23... Bxd6 24. cxd6 Rd7 25. Nxd7 Bxd7 26. e4 $18) 24. Nxg6 $1 fxg6 25.
Rxe6 Rg7 (25... Rxe6 26. Bb3 Qf5 (26... Rae8 27. Qd7 Qf5 28. Qxe8+ $18) 27. Qd7
$18) 26. Qe4 1-0

[Event "YUG-ch"]
[Site "Novi Sad"]
[Date "1995.??.??"]
[Round "?"]
[White "Damljanovic, Branko"]
[Black "Petronic, Jovan"]
[Result "1/2-1/2"]
[WhiteElo "2575"]
[BlackElo "2450"]
[Annotator "Belov,I"]
[PlyCount "84"]
[EventDate "1995.02.??"]
[EventType "tourn"]
[EventRounds "17"]
[EventCountry "YUG"]
[EventCategory "10"]
[SourceTitle "CBM 048"]
[Source "ChessBase"]
[SourceDate "1995.10.01"]
[SourceVersion "1"]
[SourceVersionDate "1995.10.01"]
[SourceQuality "1"]

1. Nf3 {Donev} d5 2. d4 c6 3. c4 Nf6 4. e3 e6 5. Bd3 Nbd7 6. Nc3 Bd6 7. e4 dxe4
8. Nxe4 Nxe4 9. Bxe4 h6 (9... e5 10. O-O exd4 11. Qxd4 Qf6 12. Rd1 (12. Qd1 $5)
12... Qxd4 13. Nxd4 Bc7 14. Nf5 g6 15. Nd6+ Bxd6 16. Rxd6 $14 {Bagaturov,
G-Anastasian,A/Protvino zt/1993/0,5/21/}) (9... c5 10. O-O Qc7 11. Re1 (11.
dxc5 $6 Nxc5 12. Bc2 b6 13. Qe2 Bb7 14. Rd1 a5 $10 {Bareev,E-Dreev,A/Tilburg/
1994/0,5/45/}) (11. Bc2 $5 b6 12. d5 e5 13. Re1 O-O 14. Ng5 Nf6 15. Qd3 g6 16.
Qf3 Qe7 17. Qc3 Nh5 18. f4 $16 {Lalic,B-Norueiras,J/Moscow olm/1994/1:0/30/})
11... Nf6 12. Bc2 Bd7 13. Ne5 cxd4 14. Qxd4 Qc5 15. Qc3 Qb4 16. Bd2 Qxc3 17.
Bxc3 $16 {Sosonko,G-Smyslov,V/Tilburg/1982/1:0/36/}) (9... Bb4+ 10. Bd2 Bxd2+
11. Qxd2 Nf6 12. Bc2 O-O 13. O-O-O $1 a5 14. Ne5 a4 15. g4 $16 {Cvitan,
O-Stanojoski,J/Yug-ch/1991/1:0/30/}) 10. Bc2 (10. Bd2 $5 Qc7 11. Bc3 c5 12. Qe2
O-O 13. O-O-O cxd4 14. Nxd4 Bf4+ 15. Kb1 a6 16. Bc2 $16 {Soffer,R-Flier,C/Bern
op/1991/1:0/27/}) 10... c5 11. O-O O-O 12. Re1 Re8 (12... cxd4 13. Qxd4 Qc7 14.
b3 $16) 13. a3 cxd4 14. Qxd4 Bc5 (14... Qc7 15. b4 b6 16. Bb2 (16. Qe4 Nf6 17.
Qxa8 Bb7 18. Qxa7 Ra8 19. Qxa8+ Bxa8 $13) 16... Nf6 17. Qh4 Be7 18. Ne5 $16)
15. Qg4 Nf6 16. Qg3 e5 (16... Nh5 17. Qh3 Nf6 18. b4 e5 19. Qg3 Nh5 20. Qh4
Qxh4 21. Nxh4 Bf8 22. Bb2 $16) 17. Bxh6 Ng4 18. Be3 $8 Nxe3 19. fxe3 e4 20. Ng5
(20. Nh4 Bd6 (20... Be7 21. Rad1 Qb6 (21... Bd7 22. Nf5) 22. b4 $16) 21. Qf2
Qc7 $132) 20... Be7 21. Rad1 (21. Nxe4 $2 Bh4 22. Qf3 Bxe1 23. Rxe1 Qc7 $17) (
21. h4 Bxg5 22. hxg5 Bf5 23. Rad1 Qe7 $14) 21... Bxg5 $5 (21... Qb6 22. b4 Bxg5
23. Qxg5 a5 24. c5 Qb5 25. Rd4 $16) 22. Rxd8 Bxd8 23. c5 (23. Qf4 f5 24. Ba4
Rf8 25. Qd6 $16) 23... Bf6 24. b4 Bd7 25. Rf1 Be5 26. Qf2 Bf6 27. Qg3 Be5 28.
Qh4 Bf6 29. Rxf6 $6 (29. Qf2 Bc6 30. Bb3 Rad8 31. Qg3 $16) 29... gxf6 30. Bxe4
Bc6 31. Bf5 (31. Qh7+ Kf8 32. Qh6+ Ke7) 31... Kg7 $1 (31... Rxe3 $4 32. Qh7+
Kf8 33. Qh6+ $18) (31... Rad8 32. Qxf6 Rd1+ 33. Kf2 Rd2+ 34. Ke1 Rxg2 35. Qh6
$36) 32. e4 Rad8 33. Qh7+ Kf8 34. Qh6+ Ke7 35. g4 $6 (35. h4 $5 Rd1+ 36. Kh2
Red8 37. Qf4 $14) 35... Rd1+ 36. Kf2 Red8 $132 37. Qf4 {Donev: Weil Weiß sonst
besser steht, remisiert der Nachziehende mittels Dauerschach.} R1d2+ (37...
R8d2+ $6 {Donev} 38. Kg3 Rd3+ 39. Kh4 $16) 38. Kg3 (38. Ke1 {Donev} Rd1+ 39.
Ke2 $2 (39. Kf2 R1d2+ $10) 39... Bb5+ 40. Ke3 Re1+ 41. Kf3 Rf1+ $19) 38...
R2d3+ {Es ist wichtig mit eine Turm auf d8 zu bleiben und mit dem andere
Schach zu geben; denn dann kann der König nicht nach h4 flüchten wegen Rh8+.}
39. Kf2 Rd2+ 40. Kg3 R2d3+ 41. Kf2 (41. Kh4 $4 Rh8+ $19) 41... Rd2+ 42. Kg3
R2d3+ {Dauerschach} 1/2-1/2